[Event "Titled Tuesday intern op 23rd May Early"]
[Site "Chess.com INT"]
[Date "2023.05.23"]
[Round "9"]
[White "Blokhin, Sofia"]
[Black "Guevara Sanchez, Erick Marvin"]
[Result "1/2-1/2"]
[WhiteElo "2062"]
[BlackElo "2073"]
[PlyCount "171"]
[EventDate "2023.05.23"]
[EventType "swiss (blitz)"]
[EventRounds "11"]
[EventCountry "USA"]
[SourceTitle "CBM 214 Extra"]
[Source "ChessBase"]
[SourceDate "2023.07.31"]
[SourceVersion "1"]
[SourceVersionDate "2023.07.31"]
[SourceQuality "1"]

1. e4 c5 2. Nf3 d6 3. d4 cxd4 4. Nxd4 Nf6 5. Nc3 a6 6. Be3 e5 7. Nb3 Be6 8. f3 h5 9. Qd2 Be7 10. 0-0-0 Nbd7 11. Kb1 Rc8 12. h3 b5 13. Qf2 b4 14. Nd5 Nxd5 15. exd5 Bf5 16. Bd3 Bxd3 17. Rxd3 f5 18. f4 e4 19. Rdd1 Bf6 20. Nd4 Nc5 21. Nxf5 Na4 22. Bd4 g6 23. Bxf6 Qxf6 24. Nd4 0-0 25. Rhf1 Rc5 26. f5 Rxd5 27. Qe3 gxf5 28. Qb3 Nb6 29. Nxf5 Qe5 30. Rxd5 Nxd5 31. Ne7+ Qxe7 32. Qxd5+ Kg7 33. Re1 e3 34. Qd4+ Qe5 35. Qxe5+ dxe5 36. c3 bxc3 37. bxc3 Rf2 38. Rxe3 Rxg2 39. Rxe5 Rg3 40. Rxh5 Rxc3 41. Kb2 Rg3 42. Rh4 Kf7 43. Rh6 Ke7 44. h4 Rh3 45. h5 Kf7 46. Rh7+ Kf6 47. h6 Kg6 48. Ra7 Kxh6 49. Rxa6+ Kg5 50. Ra8 Kf6 51. a4 Ke6 52. a5 Kd6 53. a6 Kc6 54. a7 Kb7 55. Re8 Kxa7 56. Re7+ Kb6 57. Re6+ Kc5 58. Re5+ Kc4 59. Re7 Rh2+ 60. Kc1 Kc3 61. Rc7+ Kd4 62. Rd7+ Kc4 63. Rc7+ Kd5 64. Rd7+ Kc5 65. Rd3 Kc4 66. Rd2 Rh1+ 67. Kc2 Rh3 68. Re2 Ra3 69. Re4+ Kd5 70. Re8 Ra7 71. Kd3 Rh7 72. Rd8+ Kc6 73. Rc8+ Kd5 74. Rd8+ Ke6 75. Re8+ Kd6 76. Re3 Kd5 77. Rf3 Rh5 78. Rg3 Re5 79. Rg8 Rh5 80. Rd8+ Kc5 81. Rc8+ Kd5 82. Rd8+ Ke6 83. Re8+ Kd7 84. Ra8 Kd6 85. Ra6+ Kc7 86. Ra7+ 1/2-1/2

[Event "Titled Tuesday intern op 23rd May Early"]
[Site "Chess.com INT"]
[Date "2023.05.23"]
[Round "10"]
[White "Zgadzaj, Rafal"]
[Black "Guevara Sanchez, Erick Marvin"]
[Result "1-0"]
[WhiteElo "1994"]
[BlackElo "2073"]
[PlyCount "63"]
[EventDate "2023.05.23"]
[EventType "swiss (blitz)"]
[EventRounds "11"]
[EventCountry "USA"]
[SourceTitle "CBM 214 Extra"]
[Source "ChessBase"]
[SourceDate "2023.07.31"]
[SourceVersion "1"]
[SourceVersionDate "2023.07.31"]
[SourceQuality "1"]

1. b4 e5 2. Bb2 d6 3. e3 Be6 4. c4 Be7 5. Nc3 Nf6 6. Be2 Nbd7 7. d4 c6 8. Nf3 Qb6 9. b5 cxb5 10. cxb5 e4 11. Nd2 d5 12. 0-0 Bd6 13. a4 Rc8 14. h3 g5 15. a5 Qc7 16. Qb3 h5 17. Rfc1 Qb8 18. Na4 g4 19. Rxc8+ Qxc8 20. Rc1 Qb8 21. h4 b6 22. Rc6 Bh2+ 23. Kf1 g3 24. f3 exf3 25. Bxf3 Ng4 26. Ke2 Nf2 27. Qc2 0-0 28. Nc3 Bg4 29. Nxd5 Qe8 30. Rh6 f5 31. Qc6 Bxf3+ 32. Nxf3 1-0

[Event "Titled Tuesday intern op 16th May Early"]
[Site "Chess.com INT"]
[Date "2023.05.16"]
[Round "5"]
[White "Castillo Pena, Patricia Evarista"]
[Black "Guevara Sanchez, Erick Marvin"]
[Result "0-1"]
[WhiteElo "1783"]
[BlackElo "2073"]
[PlyCount "70"]
[EventDate "2023.05.16"]
[EventType "swiss (blitz)"]
[EventRounds "11"]
[EventCountry "USA"]
[SourceTitle "CBM 214 Extra"]
[Source "ChessBase"]
[SourceDate "2023.07.31"]
[SourceVersion "1"]
[SourceVersionDate "2023.07.31"]
[SourceQuality "1"]

1. d4 f5 2. Nf3 g6 3. e3 Bg7 4. Bd3 d6 5. b3 Nf6 6. Bb2 0-0 7. Nbd2 Qe8 8. e4 fxe4 9. Nxe4 Bg4 10. 0-0 Nd5 11. c4 Bxf3 12. gxf3 Nf4 13. Re1 g5 14. Bf1 Qh5 15. Ng3 Qh4 16. Rxe7 g4 17. Rxg7+ Kxg7 18. d5+ Kg8 19. Qd4 Qh6 20. fxg4 Nd7 21. Nf5 Rxf5 22. gxf5 Ne5 23. Kh1 Nf3 24. Qh8+ Kf7 25. Qf6+ Qxf6 26. Bxf6 Kxf6 27. Bg2 Nxg2 28. Kxg2 Nd4 29. Rd1 Nxf5 30. Re1 Rg8+ 31. Kf1 Nd4 32. Re4 Nf5 33. Re6+ Kf7 34. Ke2 Ne7 35. Rh6 Rg7 0-1

[Event "Titled Tuesday intern op 16th May Early"]
[Site "Chess.com INT"]
[Date "2023.05.16"]
[Round "9"]
[White "Peczely, Sebastian Zsombor"]
[Black "Guevara Sanchez, Erick Marvin"]
[Result "1-0"]
[WhiteElo "2339"]
[BlackElo "2073"]
[PlyCount "77"]
[EventDate "2023.05.16"]
[EventType "swiss (blitz)"]
[EventRounds "11"]
[EventCountry "USA"]
[SourceTitle "CBM 214 Extra"]
[Source "ChessBase"]
[SourceDate "2023.07.31"]
[SourceVersion "1"]
[SourceVersionDate "2023.07.31"]
[SourceQuality "1"]

1. e4 c5 2. Nf3 Nc6 3. c3 e5 4. d4 cxd4 5. cxd4 exd4 6. Nxd4 Bc5 7. Nf5 Qf6 8. Nc3 Nge7 9. Be3 Bxe3 10. Nxe3 0-0 11. Bc4 Ne5 12. Be2 Qg6 13. f3 Qg5 14. Qd2 N7c6 15. 0-0 Qh4 16. f4 Ng6 17. g3 Qd8 18. e5 f5 19. Bd3 Nge7 20. Bc4+ Kh8 21. Rad1 Qb6 22. Kh1 Nd8 23. Ncd5 Qc5 24. b4 Qc6 25. Qd3 b5 26. Bxb5 Qb7 27. Bc4 Nec6 28. a3 Ne6 29. Nxf5 a5 30. Nd6 Qa7 31. b5 Ncd4 32. b6 Qb8 33. Nc7 Nxc7 34. bxc7 Qxc7 35. Qxd4 Bb7+ 36. Bd5 Bxd5+ 37. Qxd5 Qc3 38. Nf7+ Rxf7 39. Qxa8+ 1-0